|
|
|
|
| LEADER |
00000naa2a2200000 4500 |
| 001 |
575303 |
| 005 |
20241228181810.0 |
| 035 |
|
|
|a (RuTPU)RU\TPU\prd\274112
|
| 035 |
|
|
|a RU\TPU\prd\274111
|
| 090 |
|
|
|a 575303
|
| 100 |
|
|
|a 20170926d2005 k||y0rusy50 ca
|
| 101 |
0 |
|
|a rus
|
| 102 |
|
|
|a RU
|
| 200 |
1 |
|
|a Формирование соединения при точечной микросварке
|f С. Ф. Гнюсов [и др.]
|
| 320 |
|
|
|a Библиогр.: 3 назв.
|
| 461 |
|
|
|0 (RuTPU)RU\TPU\prd\338
|x 0491-6441
|t Сварочное производство
|o научно-технический и производственный журнал
|f Российская Инженерная Академия ; Министерство образования и науки РФ
|d 1955-
|
| 463 |
|
|
|0 (RuTPU)RU\TPU\prd\109435
|t № 4
|v С. 37-41
|d 2005
|
| 610 |
1 |
|
|a труды учёных ТПУ
|
| 610 |
1 |
|
|a соединения
|
| 610 |
1 |
|
|a сварка
|
| 610 |
1 |
|
|a трение
|
| 610 |
1 |
|
|a микросварка
|
| 701 |
|
1 |
|a Гнюсов
|b С. Ф.
|c специалист в области машиностроения
|c профессор Томского политехнического университета, доктор технических наук
|f 1960-
|g Сергей Фёдорович
|3 (RuTPU)RU\TPU\pers\26508
|
| 701 |
|
1 |
|a Киселев
|b А. С.
|
| 701 |
|
1 |
|a Слободян
|b М. С.
|c специалист в области менеджмента
|c старший преподаватель Томского политехнического университета
|f 1978-
|g Михаил Степанович
|3 (RuTPU)RU\TPU\pers\25828
|
| 701 |
|
1 |
|a Советченко
|b Б. Ф.
|c специалист в области машиностроения
|c доцент Томского политехнического университета, кандидат технических наук
|f 1946-
|g Борис Федорович
|3 (RuTPU)RU\TPU\pers\26630
|
| 701 |
|
1 |
|a Нехода
|b М. М.
|
| 701 |
|
1 |
|a Струков
|b А. В.
|
| 701 |
|
1 |
|a Юрин
|b П. М.
|
| 801 |
|
0 |
|a RU
|b 63413507
|c 20020118
|g PSBO
|
| 801 |
|
2 |
|a RU
|b 63413507
|c 20170926
|g PSBO
|
| 942 |
|
|
|c CR
|